Struggles for recognition Cultural pluralism and rights of minorities /

Detalles Bibliográficos
Autor principal: Přez de la Fuente, Oscar
Otros Autores: Falcô, Monique, Oliva Martn̕ez, J. Daniel
Formato: eBook
Lenguaje:inglés
Publicado: Madrid: Dykinson, 2020
Materias:
Acceso en línea:Acceso restringido

MARC

LEADER 00000nam a22000007a 4500
005 2021082503423.0
007 cr|||| ||||
008 210825s2020 ea |||||s|||| 00||0 eng d
020 |a 978-84-1377-392-6 
035 |a 33718 
040 |a vLex 
090 |c 12120  |d 12120 
100 1 |a Přez de la Fuente, Oscar 
245 1 0 |a Struggles for recognition  |h [Recurso electrn̤ico] :  |b Cultural pluralism and rights of minorities /  |c Oscar Přez de la Fuente, Monique Falcô, J. Daniel Oliva Martn̕ez 
256 |a Servicio en ln̕ea 
260 |a Madrid:  |b Dykinson,  |c 2020 
300 |a 1 recurso electrn̤ico 
500 |a Over the past decades, an increasingly influential Political Philosophy approach has been seen to defend issues relating to cultural injustices. The daily struggles arising from political agendas within different societies confirm this. This perspective can be summarised using the Hegelian expression "struggle for recognition", and it is this expression that underpins the current position of minorities members and their defenders. This means that misrecognition, disrespect, and humiliation form the base of (cultural) injustices and must be avoided. Minorities are a fundamental part of democratic societies, but their rights have not always been respected. Inmigrants are currently the object of xenophobic campaigns. Rome people, the European minority, face additional difficulties, which results in them being key players in cases of indiret discrimination. The distribution of territorial power and the situation of national minorities have been causes of different political problems. "Who am I? Where do I belong?" are questions asking for indentity. Some people argue these should be relevant issues when applying the criminal law, circle of moral incumbency to cover animals -non humans-, arguing that they of life that involves their survival as a whole. Those groups are faced with members and their defenders. This publication is part of the "New Challenges of Law" project. Action agreement UC3M-CAM excellence of the University teaching staff (V Regional Plan for scientific research and technological innovation). 
506 1 |a Disponible solo en los productos indicados  |d vLex Global  |d vLex Global (Academic Edition, excluding Law Schools)  |d vLex Global (U.S. Academic Edition, Law Schools)  |d vLex Global (U.S. Academic Edition, excluding Law Schools)  |d vLex Global (Academic Edition, Law Schools) 
650 0 4 |a Derecho Militar  |z Espaą 
650 0 4 |a Filosofa̕ y religin̤  |z Espaą 
700 1 |a Falcô, Monique 
700 1 |a Oliva Martn̕ez, J. Daniel 
740 0 |a vLex Libros (Servicio en ln̕ea) 
856 4 0 |u https://app.vlex.com/#/sources/33718  |z Acceso restringido 
942 |c BOOK 
999 0 |a Military Law 
999 0 |a Philosophy and religion